Normal view
MARC view
Entry Personal Name
001 - CONTROL NUMBER
- control field: 65559
003 - CONTROL NUMBER IDENTIFIER
- control field: dpl
005 - DATE AND TIME OF LATEST TRANSACTION
- control field: 20240503113946.0
008 - FIXED-LENGTH DATA ELEMENTS
- fixed length control field: 240503|| aca||aabn | a|a d
040 ## - CATALOGING SOURCE
- Original cataloging agency: dpl
- Transcribing agency: dpl
100 ## - HEADING--PERSONAL NAME
- Personal name: नेगी, डॉ स्नेहलता
670 ## - SOURCE DATA FOUND
- Source citation: Work cat.: (dpl)202602: नेगी, डॉ स्नेहलता, लिपिबद्ध होना (आदिवासी कविताएं)/, 2022
